Projekty řízení lidských zdrojů
Gespeichert in:
| 1. Verfasser: | |
|---|---|
| Körperschaft: | |
| Format: | Buch |
| Sprache: | Tschechisch |
| Veröffentlicht: |
Praha
Vysoká škola ekonomická. Nakladatelství Oeconomica
2004
|
| Schlagworte: | |
| Tags: |
Keine Tags, Fügen Sie das erste Tag hinzu!
|
MARC
| LEADER | 00000nam$a2200000$$$4500 | ||
|---|---|---|---|
| 001 | 0040761 | ||
| 005 | 20240226134302.8 | ||
| 020 | |a 80-245-0773-0 | ||
| 041 | 0 | |a cze | |
| 044 | |a CZ | ||
| 245 | 1 | 0 | |a Projekty řízení lidských zdrojů |c Jan Urban |
| 264 | 1 | |a Praha |b Vysoká škola ekonomická. Nakladatelství Oeconomica |c 2004 | |
| 300 | |a 102 s. | ||
| 610 | 2 | 0 | |a riadenie ľudských zdrojov |
| 610 | 2 | 0 | |a projekty |
| 610 | 2 | 0 | |a kurzy |
| 610 | 2 | 0 | |a personalistika |
| 610 | 2 | 0 | |a dotazníky |
| 610 | 2 | 0 | |a analýzy |
| 610 | 2 | 0 | |a manažment personálny |
| 610 | 2 | 0 | |a miesta pracovné |
| 610 | 2 | 0 | |a zamestnanci |
| 610 | 2 | 0 | |a hodnotenie pracovné |
| 610 | 2 | 0 | |a kultúra podniková |
| 610 | 2 | 0 | |a zmeny organizačné |
| 610 | 2 | 0 | |a riadenie personálne |
| 100 | 1 | |a Urban, Jan | |
| 710 | 2 | |a Vysoká škola ekonomická v Praze. Podnikohospodářská fakulta | |